The concept of action : (Record no. 132721)

MARC details
000 -LEADER
fixed length control field 00714nam a22002297a 4500
005 - DATE AND TIME OF LATEST TRANSACTION
control field 20170124110158.0
010 ## - LIBRARY OF CONGRESS CONTROL NUMBER
LC control number A-516488
020 ## - INTERNATIONAL STANDARD BOOK NUMBER
Terms of availability 00.00
International Standard Book Number 8185182671
035 ## - SYSTEM CONTROL NUMBER
System control number A-516488
037 ## - SOURCE OF ACQUISITION
Source of stock number/acquisition Cen Lib/Ret
040 ## - CATALOGING SOURCE
Original cataloging agency DPL
Language of cataloging EN
082 ## - DEWEY DECIMAL CLASSIFICATION NUMBER
Classification number 128.4
Item number MOH
100 ## - MAIN ENTRY--PERSONAL NAME
Personal name Mohanty, Saroj Kumar
9 (RLIN) 35553
245 ## - TITLE STATEMENT
Title The concept of action :
Statement of responsibility, etc by Saroj Kumar Mohanty
Remainder of title an analytical study /
260 ## - PUBLICATION, DISTRIBUTION, ETC. (IMPRINT)
Place of publication, distribution, etc New Delhi
Name of publisher, distributor, etc Indus Publishing
Date of publication, distribution, etc 1992
270 ## - ADDRESS
Address FS-5, Tagore Garden
City New Delhi
Postal code 1100027
300 ## - PHYSICAL DESCRIPTION
Extent 163p.
Dimensions 21cm(Hb)
500 ## - GENERAL NOTE
General note Includes bibliographical references and index<br/>
650 ## - SUBJECT ADDED ENTRY--TOPICAL TERM
Topical term or geographic name as entry element Act (Philosophy)
9 (RLIN) 35554
650 ## - SUBJECT ADDED ENTRY--TOPICAL TERM
Topical term or geographic name as entry element Causation
9 (RLIN) 35555
942 ## - ADDED ENTRY ELEMENTS (KOHA)
Source of classification or shelving scheme Dewey Decimal Classification
Koha item type English Books
Classification part 128.4
Call number suffix MOH
Holdings
Withdrawn status Lost status Damaged status Not for loan Home library Current library Date acquired Source of acquisition Cost, normal purchase price Total Checkouts Full call number Barcode Date last seen Copy number Cost, replacement price Price effective from Koha item type Public note
Written off       Central Library Central Library 23/07/2015 Cen Lib/Ret 0.00   128.4 MOH A-516488 23/07/2015 1 0.00 23/07/2015 English Books Written off on approval by DLB (By Circulation); dtd 15-06-2023

© Delhi Public Library
Hit Counter
free hit counter